| 000 -LEADER |
| fixed length control field |
01071nam a22002777a 4500 |
| 008 - FIXED-LENGTH DATA ELEMENTS--GENERAL INFORMATION |
| fixed length control field |
250528b xxu||||| |||| 00| 0 eng d |
| 040 ## - CATALOGING SOURCE |
| Original cataloging agency |
Cagayan State University-Carig Campus |
| 082 ## - DEWEY DECIMAL CLASSIFICATION NUMBER |
| Classification number |
791.4372 |
| Item number |
M6611 |
| 245 ## - TITLE STATEMENT |
| Title |
Minari /Produced by Dede Gardner ,Jeremy Kleiner ,Christina Oh, written by Lee Isaac Chung, produced by Lee Isaac Chung. |
| 260 ## - PUBLICATION, DISTRIBUTION, ETC. (IMPRINT) |
| Place of publication, distribution, etc |
United States: |
| Name of publisher, distributor, etc |
Netflix, |
| Date of publication, distribution, etc |
2020. |
| 300 ## - PHYSICAL DESCRIPTION |
| Extent |
1 videofile,115 minutes: |
| Other physical details |
sound, color. |
| 520 ## - SUMMARY, ETC. |
| Summary, etc |
A deeply personal immigrant story about a Korean-American family that moves to rural Arkansas in pursuit of their own American Dream. It explores themes of family, resilience, and cultural identity. |
| 521 ## - TARGET AUDIENCE NOTE |
| Target audience note |
PG. |
| 546 ## - LANGUAGE NOTE |
| Language note |
Korean and English. |
| 650 ## - SUBJECT ADDED ENTRY--TOPICAL TERM |
| Topical term or geographic name as entry element |
Family. |
| 650 ## - SUBJECT ADDED ENTRY--TOPICAL TERM |
| Topical term or geographic name as entry element |
Drama. |
| 700 ## - ADDED ENTRY--PERSONAL NAME |
| Personal name |
Yeun,Steven ,star. |
| 700 ## - ADDED ENTRY--PERSONAL NAME |
| Personal name |
Ye-ri,Han ,star. |
| 700 ## - ADDED ENTRY--PERSONAL NAME |
| Personal name |
Kim,Alan ,star. |
| 700 ## - ADDED ENTRY--PERSONAL NAME |
| Personal name |
Cho,Noel Kate,star. |
| 700 ## - ADDED ENTRY--PERSONAL NAME |
| Personal name |
Yuh-jung,Youn,star. |
| 700 ## - ADDED ENTRY--PERSONAL NAME |
| Personal name |
Patton,Will ,star. |
| 700 ## - ADDED ENTRY--PERSONAL NAME |
| Personal name |
Milne,Lachlan ,Cinematographer. |
| 700 ## - ADDED ENTRY--PERSONAL NAME |
| Personal name |
Yoon,Harry ,editor. |
| 942 ## - ADDED ENTRY ELEMENTS (KOHA) |
| Source of classification or shelving scheme |
|
| Item type |
Audio-Visual Materials |